A graphic summary of world agriculture / (Record no. 11965)

MARC details
000 -LEADER
fixed length control field 01066cam a22002891a 4500
001 - CONTROL NUMBER
control field agr64000468
003 - CONTROL NUMBER IDENTIFIER
control field DLC
005 - DATE AND TIME OF LATEST TRANSACTION
control field 20260227111023.0
008 - FIXED-LENGTH DATA ELEMENTS--GENERAL INFORMATION
fixed length control field 831107s1964 dcubd f000 0 eng
010 ## - LIBRARY OF CONGRESS CONTROL NUMBER
LC control number agr64000468
035 ## - SYSTEM CONTROL NUMBER
System control number (OCoLC)10104191
040 ## - CATALOGING SOURCE
Original cataloging agency DLC
Transcribing agency IMolD
Modifying agency DNAL
-- DLC
042 ## - AUTHENTICATION CODE
Authentication code premarc
050 00 - LIBRARY OF CONGRESS CALL NUMBER
Classification number S21
Item number .A46 no. 705 1964
070 0# - NATIONAL AGRICULTURAL LIBRARY CALL NUMBER
Classification number 1
Item number Ag84M no.705 1964
072 0# - SUBJECT CATEGORY CODE
Subject category code E100
-- E130
100 1# - MAIN ENTRY--PERSONAL NAME
Personal name Guidry, Nelson P.
Fuller form of name (Nelson Philip),
Dates associated with a name 1916-
245 12 - TITLE STATEMENT
Title A graphic summary of world agriculture /
Statement of responsibility, etc. [by Nelson P. Guidry].
250 ## - EDITION STATEMENT
Edition statement Rev. Sept. 1964.
260 ## - PUBLICATION, DISTRIBUTION, ETC.
Place of publication, distribution, etc. Washington, D.C. :
Name of publisher, distributor, etc. U.S. Dept. of Agriculture, Economic Research Service, Regional Analysis Division,
Date of publication, distribution, etc. 1964.
300 ## - PHYSICAL DESCRIPTION
Extent 64 p. :
Other physical details charts, maps ;
Dimensions 23 cm.
490 1# - SERIES STATEMENT
Series statement Miscellaneous publication / United States Department of Agriculture ;
Volume/sequential designation no. 705
500 ## - GENERAL NOTE
General note Earlier ed. by R.G. Hainsworth.
650 #0 - SUBJECT ADDED ENTRY--TOPICAL TERM
Topical term or geographic name entry element Food supply.
650 #0 - SUBJECT ADDED ENTRY--TOPICAL TERM
Topical term or geographic name entry element Agriculture
General subdivision Economic aspects.
830 #0 - SERIES ADDED ENTRY--UNIFORM TITLE
Uniform title Miscellaneous publication (United States. Department of Agriculture) ;
Volume/sequential designation no. 705.

No items available.

Powered by Koha